| 000 | 00766cam a22002651 4500 | ||
|---|---|---|---|
| 001 | 8459956 | ||
| 003 | BD-DhUL | ||
| 005 | 20160512112552.0 | ||
| 008 | 720125s1965 enk b 000 0 eng | ||
| 010 | _a 65006197 | ||
| 015 | _aGB65-13651 | ||
| 035 | _a(OCoLC)228283 | ||
| 040 |
_aDLC _cODaWU _dOCoLC _dUk _dDLC _dBD-DhUL |
||
| 042 | _apremarc | ||
| 050 | 0 | 0 |
_aHC462.9 _b.A68 |
| 082 |
_a338.952 _bALJ |
||
| 100 | 1 | _aAllen, G. C. | |
| 245 | 1 | 0 |
_aJapan's economic expansion / _cby G.C. Allen. |
| 260 |
_aNew York : _bOxford University Press, _c1965. |
||
| 300 |
_axi, 296 p. : _bill. ; _c22 cm. |
||
| 504 | _aincludes bibliography and index. | ||
| 651 | 0 |
_aJapan _xEconomic conditions |
|
| 906 |
_a7 _bcbc _coclcrpl _du _encip _f19 _gy-gencatlg |
||
| 942 |
_2ddc _cBK |
||
| 999 |
_c63913 _d63913 |
||